000 00422nmm a2200157Ia 4500
008 251105s9999||||xx |||||||||||||||||und||
041 _aspa
100 _aLasa, Sonia
245 0 _aVerano del 36
264 _a[Madrid, España] :
_bEditorial Egales,
_c2019
300 _a275 páginas
490 _aNarrativa
650 _aSpanish narrative
856 _uhttps://public.digitaliapublishing.com/a/144378
942 _cCF
999 _c100251
_d100251